[Event "RA-2023-0-00720"]
[Site "LSS email"]
[Date "2023.03.09"]
[Round "?"]
[White "Kirch, Bernhard"]
[Black "Varas, Pablo"]
[Result "1/2-1/2"]
[WhiteElo "2105"]
[BlackElo "2021"]
[PlyCount "70"]
[EventDate "2022.11.28"]
[EventType "tourn (corr)"]
[EventRounds "6"]
[EventCountry "GER"]
[SourceTitle "Corr 2024"]
[Source "ChessBase"]
[SourceDate "2023.10.19"]
[SourceVersion "1"]
[SourceVersionDate "2023.10.19"]
[SourceQuality "1"]

1. d4 d5 2. Nf3 Nf6 3. c4 e6 4. Nc3 c6 5. Bg5 h6 6. Bxf6 Qxf6 7. e3 Nd7 8. Be2 g6 9. 0-0 Bg7 10. e4 dxc4 11. e5 Qd8 12. Bxc4 0-0 13. b4 Qe7 14. Rb1 a5 15. a3 Nb6 16. Bd3 axb4 17. axb4 Nd5 18. Qb3 Ra7 19. h4 Bd7 20. Rfc1 Rfa8 21. Ne4 Ra4 22. Qc2 Be8 23. Bc4 Rxb4 24. Ra1 Rxa1 25. Rxa1 Qd8 26. Qd3 Nb6 27. Bb3 c5 28. Nxc5 Bc6 29. Qc3 Rb5 30. h5 g5 31. Nd2 Nd5 32. Bxd5 Bxd5 33. Nc4 b6 34. Nd6 Ra5 35. Nce4 Bxe4 1/2-1/2

[Event "LSS No Engine Cup 230 Preliminary 0"]
[Site "LSS email"]
[Date "2022.10.08"]
[Round "?"]
[White "Weiss, Lester"]
[Black "Varas, Pablo"]
[Result "0-1"]
[WhiteElo "2068"]
[BlackElo "2125"]
[PlyCount "44"]
[EventDate "2022.10.08"]
[EventType "tourn (corr)"]
[EventRounds "6"]
[EventCountry "GER"]
[SourceTitle "Corr 2024"]
[Source "ChessBase"]
[SourceDate "2023.10.19"]
[SourceVersion "1"]
[SourceVersionDate "2023.10.19"]
[SourceQuality "1"]

1. d4 d5 2. c4 c6 3. Nf3 Nf6 4. Nc3 e6 5. Bg5 h6 6. Bh4 dxc4 7. e4 g5 8. Bg3 b5 9. Be2 Bg7 10. e5 Nd5 11. a4 a6 12. Ne4 0-0 13. 0-0 Nd7 14. b3 cxb3 15. Qxb3 g4 16. Nh4 c5 17. axb5 cxd4 18. Nf5 Nc3 19. Nxc3 exf5 20. Nd5 Nc5 21. Qc4 Ne4 22. Bf4 Be6 0-1

[Event "LSS No Engine Cup 229 Preliminary 0"]
[Site "LSS email"]
[Date "2022.08.25"]
[Round "?"]
[White "Varas, Pablo"]
[Black "Vitello, Gabry"]
[Result "1/2-1/2"]
[WhiteElo "2086"]
[BlackElo "2041"]
[PlyCount "46"]
[EventDate "2022.08.25"]
[EventType "tourn (corr)"]
[EventRounds "6"]
[EventCountry "GER"]
[SourceTitle "Corr 2024"]
[Source "ChessBase"]
[SourceDate "2023.10.19"]
[SourceVersion "1"]
[SourceVersionDate "2023.10.19"]
[SourceQuality "1"]

1. d4 e6 2. c4 d5 3. Nc3 Be7 4. Nf3 Nf6 5. Bg5 0-0 6. e3 h6 7. Bh4 b6 8. Rc1 Bb7 9. cxd5 Nxd5 10. Bxe7 Qxe7 11. Be2 Nf6 12. 0-0 Nbd7 13. Qa4 c5 14. Qa3 Nd5 15. Na4 cxd4 16. Qxe7 Nxe7 17. Nxd4 Nd5 18. a3 N7f6 19. Nc3 Nxc3 20. Rxc3 Rac8 21. Rfc1 Rxc3 22. Rxc3 Rd8 23. Rc7 Rd7 1/2-1/2

[Event "LSS No Engine Cup 228 Preliminary 0"]
[Site "LSS email"]
[Date "2022.07.09"]
[Round "?"]
[White "Huber, Karl"]
[Black "Varas, Pablo"]
[Result "1/2-1/2"]
[WhiteElo "2122"]
[BlackElo "2085"]
[PlyCount "101"]
[EventDate "2022.07.09"]
[EventType "tourn (corr)"]
[EventRounds "6"]
[EventCountry "GER"]
[SourceTitle "Corr 2024"]
[Source "ChessBase"]
[SourceDate "2023.10.19"]
[SourceVersion "1"]
[SourceVersionDate "2023.10.19"]
[SourceQuality "1"]

1. e4 c5 2. Nf3 d6 3. d4 cxd4 4. Nxd4 Nf6 5. Nc3 a6 6. Be3 e5 7. Nb3 Be6 8. h3 Nbd7 9. Qd3 Be7 10. g4 h6 11. 0-0-0 b5 12. Kb1 Nb6 13. f4 b4 14. Ne2 Qc7 15. f5 Bd7 16. Ng3 a5 17. Be2 Bc6 18. h4 d5 19. Bxb6 Qxb6 20. g5 dxe4 21. Qc4 hxg5 22. hxg5 Rxh1 23. Nxh1 Nd5 24. Rxd5 Bxd5 25. Qxd5 Rd8 26. Qxe5 Kf8 27. Qg3 a4 28. Nc1 Qd4 29. Nf2 Rd5 30. Qb8+ Rd8 31. Qg3 Bd6 32. Qh4 Be5 33. Nd1 Ke7 34. g6+ Bf6 35. Qh2 Qe5 36. Qxe5+ Bxe5 37. Nf2 fxg6 38. fxg6 Rd6 39. Nxe4 Rxg6 40. c3 Rg1 41. Kc2 bxc3 42. bxc3 Rg2 43. Kd1 Rg1+ 44. Kc2 Rg2 45. Nd2 Bf4 46. Nd3 Rxe2 47. Nxf4 Rh2 48. a3 Rh1 49. Nd5+ Kd7 50. Ne4 Rh3 51. Nb6+ 1/2-1/2

[Event "LSS No Engine Cup 228 Preliminary 0"]
[Site "LSS email"]
[Date "2022.07.09"]
[Round "?"]
[White "Varas, Pablo"]
[Black "Selmeczi, Jozsef"]
[Result "1-0"]
[WhiteElo "2085"]
[BlackElo "2126"]
[PlyCount "47"]
[EventDate "2022.07.09"]
[EventType "tourn (corr)"]
[EventRounds "6"]
[EventCountry "GER"]
[SourceTitle "Corr 2024"]
[Source "ChessBase"]
[SourceDate "2023.10.19"]
[SourceVersion "1"]
[SourceVersionDate "2023.10.19"]
[SourceQuality "1"]

1. d4 d5 2. c4 Nf6 3. cxd5 Qxd5 4. Nc3 Qf5 5. Nf3 e6 6. e3 a6 7. Bd3 Qa5 8. Bd2 c6 9. 0-0 Qc7 10. Re1 Be7 11. e4 h6 12. Rc1 Qb6 13. e5 Nd5 14. Nxd5 exd5 15. e6 Bxe6 16. Rxe6 Nd7 17. Re3 Qc7 18. Qe2 Nf6 19. Re1 Ng8 20. Bb4 0-0-0 21. Bxe7 Nxe7 22. Rxe7 Qf4 23. Ne5 Rhf8 24. Bxa6 1-0

[Event "LSS No Engine Cup 226 Preliminary 0"]
[Site "LSS email"]
[Date "2022.03.27"]
[Round "?"]
[White "Varas, Pablo"]
[Black "Scalzullo, Luca"]
[Result "1-0"]
[WhiteElo "2074"]
[BlackElo "1600"]
[PlyCount "111"]
[EventDate "2022.03.27"]
[EventType "tourn (corr)"]
[EventRounds "6"]
[EventCountry "GER"]
[SourceTitle "Corr 2024"]
[Source "ChessBase"]
[SourceDate "2023.10.19"]
[SourceVersion "1"]
[SourceVersionDate "2023.10.19"]
[SourceQuality "1"]

1. d4 Nf6 2. c4 e6 3. Nc3 Bb4 4. e3 0-0 5. Bd3 d5 6. Nf3 c5 7. 0-0 dxc4 8. Bxc4 cxd4 9. exd4 b6 10. Bg5 Bb7 11. Qe2 Bxc3 12. bxc3 Nbd7 13. Nd2 Qc7 14. Rfc1 Nd5 15. Bb5 N7f6 16. Qe1 Rac8 17. a4 h6 18. Bh4 Nh5 19. f3 Nhf4 20. Bg3 Qe7 21. Ne4 f5 22. Nd2 Nh5 23. Bc4 Nxg3 24. hxg3 Qd6 25. Bxd5 Bxd5 26. c4 Bc6 27. Qe3 f4 28. gxf4 Qxf4 29. Re1 Qxe3+ 30. Rxe3 Rf4 31. Nb3 Bd7 32. g3 Rf5 33. Nd2 Rg5 34. Kf2 Rh5 35. Ke2 Ra5 36. f4 Kf7 37. Nf3 Rxa4 38. Rxa4 Bxa4 39. Ne5+ Ke7 40. Ra3 b5 41. Kd2 a6 42. g4 Kd6 43. Ke3 g5 44. c5+ Kd5 45. f5 exf5 46. gxf5 Rf8 47. Ng6 Re8+ 48. Kd3 Re4 49. f6 Rxd4+ 50. Ke3 Rd1 51. f7 Rf1 52. f8Q Rxf8 53. Nxf8 Kxc5 54. Rc3+ Kb6 55. Kd2 b4 56. Rh3 1-0

[Event "RB-2022-0-00415"]
[Site "LSS email"]
[Date "2022.03.23"]
[Round "?"]
[White "Varas, Pablo"]
[Black "Cleto Junior, Dirceu"]
[Result "1/2-1/2"]
[WhiteElo "1885"]
[BlackElo "1983"]
[PlyCount "40"]
[EventDate "2022.01.13"]
[EventType "tourn (corr)"]
[EventRounds "6"]
[EventCountry "GER"]
[SourceTitle "Corr 2024"]
[Source "ChessBase"]
[SourceDate "2023.10.19"]
[SourceVersion "1"]
[SourceVersionDate "2023.10.19"]
[SourceQuality "1"]

1. d4 Nf6 2. c4 g6 3. Nc3 Bg7 4. e4 d6 5. f3 0-0 6. Be3 c5 7. dxc5 dxc5 8. Qxd8 Rxd8 9. Bxc5 Nc6 10. Ba3 b6 11. Rd1 Nd7 12. Nd5 e6 13. Ne7+ Nxe7 14. Bxe7 Re8 15. Ba3 Ne5 16. h4 Bb7 17. Be2 Rec8 18. b3 a5 19. h5 a4 20. Bd6 Nc6 1/2-1/2

[Event "RB-2022-0-00415"]
[Site "LSS email"]
[Date "2022.03.20"]
[Round "?"]
[White "Ederer, Karel"]
[Black "Varas, Pablo"]
[Result "1/2-1/2"]
[WhiteElo "1881"]
[BlackElo "1885"]
[PlyCount "64"]
[EventDate "2022.01.13"]
[EventType "tourn (corr)"]
[EventRounds "6"]
[EventCountry "GER"]
[SourceTitle "Corr 2024"]
[Source "ChessBase"]
[SourceDate "2023.10.19"]
[SourceVersion "1"]
[SourceVersionDate "2023.10.19"]
[SourceQuality "1"]

1. e4 c5 2. Nf3 d6 3. d4 cxd4 4. Nxd4 Nf6 5. Nc3 a6 6. h3 e5 7. Nde2 h5 8. g3 Be7 9. Bg2 b5 10. Nd5 Nbd7 11. Nxe7 Qxe7 12. Bg5 Qe6 13. a3 Bb7 14. Nc3 Rc8 15. Qe2 0-0 16. h4 Rc4 17. Rd1 Nc5 18. f3 d5 19. Bxf6 Qxf6 20. Nxd5 Bxd5 21. Rxd5 Na4 22. c3 Qb6 23. Rd2 a5 24. Qf2 b4 25. Qxb6 Nxb6 26. cxb4 axb4 27. Kf2 bxa3 28. bxa3 Rc3 29. Ra2 Ra8 30. Rha1 Ra4 31. Bf1 Nc4 32. Be2 g6 1/2-1/2

[Event "RB-2022-0-00414"]
[Site "LSS email"]
[Date "2022.03.12"]
[Round "?"]
[White "Chapman, Mark"]
[Black "Varas, Pablo"]
[Result "1/2-1/2"]
[WhiteElo "1895"]
[BlackElo "1885"]
[PlyCount "54"]
[EventDate "2021.12.12"]
[EventType "tourn (corr)"]
[EventRounds "6"]
[EventCountry "GER"]
[SourceTitle "Corr 2024"]
[Source "ChessBase"]
[SourceDate "2023.10.19"]
[SourceVersion "1"]
[SourceVersionDate "2023.10.19"]
[SourceQuality "1"]

1. e4 c5 2. Nf3 d6 3. d4 cxd4 4. Nxd4 Nf6 5. Nc3 a6 6. Bg5 e6 7. f4 Qb6 8. Qd2 Qxb2 9. Rb1 Qa3 10. e5 h6 11. Bh4 dxe5 12. fxe5 g5 13. exf6 gxh4 14. Be2 Qa5 15. 0-0 Nd7 16. Kh1 Qg5 17. Qe1 h3 18. gxh3 Qe5 19. Qf2 Qc7 20. Qe3 Qe5 21. Qg1 Nxf6 22. Rbe1 Bd7 23. Bg4 Qa5 24. Rxf6 Qxc3 25. Bxe6 Bxe6 26. Rexe6+ fxe6 27. Qg6+ Kd8 1/2-1/2

[Event "RB-2022-0-00414"]
[Site "LSS email"]
[Date "2022.03.11"]
[Round "?"]
[White "Obukhov, Gennady"]
[Black "Varas, Pablo"]
[Result "1/2-1/2"]
[WhiteElo "1923"]
[BlackElo "1885"]
[PlyCount "41"]
[EventDate "2021.12.12"]
[EventType "tourn (corr)"]
[EventRounds "6"]
[EventCountry "GER"]
[SourceTitle "Corr 2024"]
[Source "ChessBase"]
[SourceDate "2023.10.19"]
[SourceVersion "1"]
[SourceVersionDate "2023.10.19"]
[SourceQuality "1"]

1. e4 c5 2. Nf3 d6 3. d4 cxd4 4. Nxd4 Nf6 5. f3 e5 6. Nb3 d5 7. Bg5 d4 8. c3 Nc6 9. cxd4 Bb4+ 10. Bd2 Nxe4 11. Bxb4 Qh4+ 12. g3 Nxg3 13. hxg3 Qxh1 14. Ba3 Bh3 15. N1d2 0-0-0 16. Qc2 Bxf1 17. 0-0-0 Kb8 18. Rxf1 Qg2 19. Kb1 Ka8 20. dxe5 Nxe5 21. g4 1/2-1/2

[Event "RB-2022-0-00413"]
[Site "LSS email"]
[Date "2022.02.21"]
[Round "?"]
[White "Varas, Pablo"]
[Black "Ederer, Karel"]
[Result "1/2-1/2"]
[WhiteElo "1887"]
[BlackElo "1876"]
[PlyCount "69"]
[EventDate "2021.11.27"]
[EventType "tourn (corr)"]
[EventRounds "6"]
[EventCountry "GER"]
[SourceTitle "Corr 2024"]
[Source "ChessBase"]
[SourceDate "2023.10.19"]
[SourceVersion "1"]
[SourceVersionDate "2023.10.19"]
[SourceQuality "1"]

1. d4 Nf6 2. c4 g6 3. Nc3 d5 4. cxd5 Nxd5 5. e4 Nxc3 6. bxc3 Bg7 7. Bc4 c5 8. Ne2 Nc6 9. Be3 0-0 10. 0-0 Qc7 11. Rc1 Rd8 12. Bf4 Qd7 13. dxc5 Ne5 14. Bxe5 Bxe5 15. f4 Bg7 16. Qb3 e6 17. Rcd1 Qe7 18. Rxd8+ Qxd8 19. f5 Qe7 20. fxe6 Bxe6 21. Bxe6 fxe6 22. Nd4 Qxc5 23. Qxe6+ Kh8 24. Qd7 b6 25. Rf3 Rc8 26. g3 Qc7 27. Qe6 Qc4 28. Qd7 Qc7 29. Qxc7 Rxc7 30. Kf1 Rc4 31. Ke2 Bxd4 32. cxd4 Rxd4 33. Ke3 Ra4 34. Rf2 g5 35. h4 1/2-1/2

[Event "RB-2022-0-00413"]
[Site "LSS email"]
[Date "2022.02.11"]
[Round "?"]
[White "Matugin, Sergei"]
[Black "Varas, Pablo"]
[Result "1/2-1/2"]
[WhiteElo "1973"]
[BlackElo "1887"]
[PlyCount "79"]
[EventDate "2021.11.27"]
[EventType "tourn (corr)"]
[EventRounds "6"]
[EventCountry "GER"]
[SourceTitle "Corr 2024"]
[Source "ChessBase"]
[SourceDate "2023.10.19"]
[SourceVersion "1"]
[SourceVersionDate "2023.10.19"]
[SourceQuality "1"]

1. d4 d5 2. c4 c6 3. Nf3 Nf6 4. e3 Bf5 5. Nc3 e6 6. Nh4 Bg4 7. Qb3 dxc4 8. Qxb7 Nbd7 9. h3 Bh5 10. Qxc6 Rc8 11. Qb5 a6 12. Qa4 Nd5 13. Nf3 Bb4 14. Bd2 Bxf3 15. gxf3 0-0 16. Rc1 N7b6 17. Qc2 f5 18. f4 Kh8 19. Nxd5 Bxd2+ 20. Qxd2 Qxd5 21. Rg1 a5 22. Bg2 Qb5 23. Bf3 Rc7 24. Be2 Rfc8 25. Kf1 Qd5 26. Rg2 Na4 27. Qc2 c3 28. b3 Nb6 29. Kg1 a4 30. bxa4 Qd6 31. Bf3 Nc4 32. Bd1 Nd2 33. Qd3 Qd5 34. Rc2 Nb1 35. Qb5 Qxb5 36. axb5 Na3 37. Rc1 c2 38. Be2 Ra7 39. Kh2 Ra4 40. Bd3 1/2-1/2

[Event "RB-2022-0-00415"]
[Site "LSS email"]
[Date "2022.01.27"]
[Round "?"]
[White "Varas, Pablo"]
[Black "Jacewicz, Grzegorz"]
[Result "1/2-1/2"]
[WhiteElo "1885"]
[BlackElo "1985"]
[PlyCount "68"]
[EventDate "2022.01.13"]
[EventType "tourn (corr)"]
[EventRounds "6"]
[EventCountry "GER"]
[SourceTitle "Corr 2024"]
[Source "ChessBase"]
[SourceDate "2023.10.19"]
[SourceVersion "1"]
[SourceVersionDate "2023.10.19"]
[SourceQuality "1"]

1. d4 d5 2. c4 c6 3. Nf3 Nf6 4. Nc3 a6 5. a4 e6 6. g3 Bb4 7. Bg2 0-0 8. Qc2 Nbd7 9. 0-0 a5 10. Bf4 h6 11. Rfd1 Re8 12. Rac1 dxc4 13. Ne4 Nd5 14. Qxc4 b6 15. Qb3 Ba6 16. Bf1 b5 17. axb5 Bxb5 18. Qc2 a4 19. Nd6 Nxf4 20. Nxb5 cxb5 21. gxf4 a3 22. bxa3 Bxa3 23. Rb1 Rc8 24. Qa2 Bd6 25. Rxb5 Bxf4 26. e3 Bd6 27. h3 Nf6 28. Qb2 Qe7 29. Bg2 Rb8 30. Rb1 Rxb5 31. Qxb5 Rb8 32. Qd3 Rxb1+ 33. Qxb1 g6 34. Qb2 Kg7 1/2-1/2

[Event "RB-2022-0-00414"]
[Site "LSS email"]
[Date "2022.01.17"]
[Round "?"]
[White "Baltar, Antoni"]
[Black "Varas, Pablo"]
[Result "1/2-1/2"]
[WhiteElo "1980"]
[BlackElo "1885"]
[PlyCount "71"]
[EventDate "2021.12.12"]
[EventType "tourn (corr)"]
[EventRounds "6"]
[EventCountry "GER"]
[SourceTitle "Corr 2024"]
[Source "ChessBase"]
[SourceDate "2023.10.19"]
[SourceVersion "1"]
[SourceVersionDate "2023.10.19"]
[SourceQuality "1"]

1. e4 c5 2. d4 cxd4 3. Nf3 e5 4. c3 Nc6 5. Bc4 Nf6 6. Ng5 d5 7. exd5 Na5 8. Bb5+ Bd7 9. Qe2 Bd6 10. b4 h6 11. Nf3 0-0 12. bxa5 d3 13. Qb2 e4 14. Nd4 Rc8 15. 0-0 Re8 16. a6 bxa6 17. Bc6 Bxc6 18. dxc6 Ng4 19. h3 Bh2+ 20. Kh1 Bc7 21. a4 Qh4 22. Na3 Rb8 23. Qa2 d2 24. Qxd2 e3 25. fxe3 Qg3 26. Nf3 Rxe3 27. hxg4 Rxf3 28. gxf3 Qh3+ 29. Kg1 Bb6+ 30. Rf2 Qg3+ 31. Kf1 Re8 32. Nc4 Qh3+ 33. Kg1 Qg3+ 34. Kf1 Qh3+ 35. Kg1 Qg3+ 36. Kf1 1/2-1/2

[Event "RB-2022-0-00413"]
[Site "LSS email"]
[Date "2022.01.15"]
[Round "?"]
[White "Baltar, Antoni"]
[Black "Varas, Pablo"]
[Result "1/2-1/2"]
[WhiteElo "1911"]
[BlackElo "1887"]
[PlyCount "61"]
[EventDate "2021.11.27"]
[EventType "tourn (corr)"]
[EventRounds "6"]
[EventCountry "GER"]
[SourceTitle "Corr 2024"]
[Source "ChessBase"]
[SourceDate "2023.10.19"]
[SourceVersion "1"]
[SourceVersionDate "2023.10.19"]
[SourceQuality "1"]

1. e4 e5 2. Bc4 Nf6 3. d4 exd4 4. Nf3 Bb4+ 5. c3 dxc3 6. bxc3 d5 7. exd5 Bd6 8. 0-0 0-0 9. Bg5 Bg4 10. Nbd2 Nbd7 11. Qc2 h6 12. Bh4 Re8 13. Nd4 Nb6 14. Bb5 Re5 15. h3 Bh5 16. Bd3 Nbxd5 17. Nc4 Re8 18. g4 Bg6 19. Bxg6 fxg6 20. Qxg6 Nf4 21. Bxf6 Nxg6 22. Bxd8 Raxd8 23. Nxd6 Rxd6 24. Rfe1 Rxe1+ 25. Rxe1 Kf7 26. Re4 Ra6 27. Nf5 Rxa2 28. Rc4 c6 29. Nd6+ Kg8 30. Nxb7 Ne5 31. Rf4 1/2-1/2

[Event "RB-2022-0-00413"]
[Site "LSS email"]
[Date "2022.01.15"]
[Round "?"]
[White "Varas, Pablo"]
[Black "Jacewicz, Grzegorz"]
[Result "1/2-1/2"]
[WhiteElo "1887"]
[BlackElo "1979"]
[PlyCount "94"]
[EventDate "2021.11.27"]
[EventType "tourn (corr)"]
[EventRounds "6"]
[EventCountry "GER"]
[SourceTitle "Corr 2024"]
[Source "ChessBase"]
[SourceDate "2023.10.19"]
[SourceVersion "1"]
[SourceVersionDate "2023.10.19"]
[SourceQuality "1"]

1. e4 c5 2. Nf3 d6 3. d4 cxd4 4. Nxd4 Nf6 5. Nc3 a6 6. Be3 Ng4 7. Bg5 h6 8. Bh4 g5 9. Bg3 Bg7 10. h3 Ne5 11. Nf5 Bxf5 12. exf5 Nbc6 13. Nd5 e6 14. fxe6 fxe6 15. Ne3 Qa5+ 16. c3 Nf3+ 17. gxf3 Bxc3+ 18. bxc3 Qxc3+ 19. Qd2 Qxa1+ 20. Nd1 Qd4 21. Bd3 Ne5 22. Bxe5 Qxe5+ 23. Kf1 0-0 24. Be2 Rf4 25. Qc1 Raf8 26. Ne3 Kg7 27. Ng4 Qc5 28. Qb2+ e5 29. Kg2 Rb4 30. Qa1 Qc2 31. Re1 Qb2 32. Ne3 Qxa1 33. Rxa1 Rbf4 34. a4 e4 35. Bc4 exf3+ 36. Kg3 h5 37. Rb1 Re8 38. Rxb7+ Kf8 39. Rc7 h4+ 40. Kh2 Rb8 41. Be6 Re8 42. Bc4 Rb8 43. Ng4 Rb1 44. a5 Ra1 45. Bxa6 Rxa5 46. Rc8+ Kf7 47. Bb7 Rb5 1/2-1/2

[Event "LSS No Engine Cup 219 Final"]
[Site "LSS email"]
[Date "2022.01.14"]
[Round "?"]
[White "Granara Barreto, Sebastian"]
[Black "Varas, Pablo"]
[Result "1/2-1/2"]
[WhiteElo "2017"]
[BlackElo "2055"]
[PlyCount "114"]
[EventDate "2022.01.14"]
[EventType "tourn (corr)"]
[EventRounds "6"]
[EventCountry "GER"]
[SourceTitle "Corr 2024"]
[Source "ChessBase"]
[SourceDate "2023.10.19"]
[SourceVersion "1"]
[SourceVersionDate "2023.10.19"]
[SourceQuality "1"]

1. e4 c5 2. Nf3 d6 3. Bb5+ Nd7 4. d4 cxd4 5. Qxd4 a6 6. Bxd7+ Bxd7 7. c4 Nf6 8. Bg5 e6 9. Nc3 Be7 10. 0-0 0-0 11. Rfd1 Bc6 12. Rac1 h6 13. Bxf6 Bxf6 14. Qxd6 Qb6 15. Qd2 Rad8 16. Qe2 Rxd1+ 17. Nxd1 Rd8 18. h3 Qa5 19. a3 Bg5 20. Ra1 Bf6 21. Rc1 Qh5 22. Nc3 Qg6 23. Re1 Bxc3 24. bxc3 Qh5 25. Qb2 e5 26. Qb6 Rd3 27. Re3 Rd7 28. Qb2 f6 29. Qe2 Kh7 30. c5 Rc7 31. Qc4 Bb5 32. Qb4 Qf7 33. Nd2 Rd7 34. c4 Rd4 35. Qb3 Bc6 36. Qc2 Kg8 37. Kh2 a5 38. f3 a4 39. Rc3 h5 40. Nf1 Qd7 41. Qb2 f5 42. Ng3 fxe4 43. Nxe4 Qf5 44. Qe2 Qf4+ 45. Kg1 Kf8 46. Re3 Rxc4 47. Qxc4 Qxe3+ 48. Kh2 Qxa3 49. Qe6 Bxe4 50. Qd6+ Kg8 51. fxe4 Qb2 52. Qe6+ Kf8 53. Qf5+ Ke7 54. Qg5+ Kd7 55. Qf5+ Ke7 56. Qg5+ Kf7 57. Qf5+ Ke7 1/2-1/2

[Event "LSS No Engine Cup 219 Final"]
[Site "LSS email"]
[Date "2022.01.14"]
[Round "?"]
[White "Varas, Pablo"]
[Black "Mueller, Bernd"]
[Result "1/2-1/2"]
[WhiteElo "2055"]
[BlackElo "2087"]
[PlyCount "60"]
[EventDate "2022.01.14"]
[EventType "tourn (corr)"]
[EventRounds "6"]
[EventCountry "GER"]
[SourceTitle "Corr 2024"]
[Source "ChessBase"]
[SourceDate "2023.10.19"]
[SourceVersion "1"]
[SourceVersionDate "2023.10.19"]
[SourceQuality "1"]

1. d4 d5 2. c4 e6 3. Nc3 c6 4. e3 Nf6 5. Nf3 Nbd7 6. Qc2 Bd6 7. Bd3 dxc4 8. Bxc4 0-0 9. Kf1 c5 10. Ke2 cxd4 11. exd4 b6 12. Qd3 Bb7 13. Ba6 Qc8 14. Bxb7 Qxb7 15. Bg5 Rac8 16. Rhc1 h6 17. Bxf6 Nxf6 18. Kf1 Rfd8 19. h3 a6 20. Rc2 g6 21. Rac1 Bf4 22. Re1 Kg7 23. Kg1 Rc7 24. g3 Bd6 25. Rec1 b5 26. a4 Rb8 27. Kg2 Rd7 28. axb5 axb5 29. Qe2 Bb4 30. h4 Rdd8 1/2-1/2

[Event "RB-2022-0-00412"]
[Site "LSS email"]
[Date "2022.01.13"]
[Round "?"]
[White "Grillo, Roberto"]
[Black "Varas, Pablo"]
[Result "0-1"]
[WhiteElo "1879"]
[BlackElo "1887"]
[PlyCount "104"]
[EventDate "2021.10.19"]
[EventType "tourn (corr)"]
[EventRounds "6"]
[EventCountry "GER"]
[SourceTitle "Corr 2024"]
[Source "ChessBase"]
[SourceDate "2023.10.19"]
[SourceVersion "1"]
[SourceVersionDate "2023.10.19"]
[SourceQuality "1"]

1. d4 d5 2. c4 c6 3. Nf3 e6 4. Nc3 Nf6 5. Bg5 h6 6. Bh4 dxc4 7. e4 g5 8. Bg3 b5 9. Be2 Bb7 10. 0-0 Nbd7 11. Ne5 h5 12. Nxd7 Qxd7 13. Be5 Rh6 14. Qc1 Ng4 15. Bxg4 hxg4 16. Qxg5 Rg6 17. Qe3 b4 18. Ne2 c5 19. dxc5 Qc6 20. Nf4 Rg5 21. Bf6 Rxc5 22. Rfe1 Bh6 23. Qg3 Qd6 24. e5 Qd4 25. Nh5 c3 26. bxc3 Rxc3 27. Qh4 Bd2 28. Bg5 Bxe1 29. Rxe1 Kd7 30. Be3 Qc4 31. Qf6 Rf8 32. Qg7 Rd8 33. Nf4 Kc8 34. Qxf7 Qxa2 35. Qe7 Qa4 36. Qxe6+ Kb8 37. Qxg4 b3 38. Qg5 Rdc8 39. h4 b2 40. Kh2 Rc1 41. Bxc1 b1Q 42. Bd2 Qba2 43. Ng6 Q4c2 44. Be3 Rg8 45. h5 Qe6 46. Qh4 Qec6 47. Rg1 Q2e4 48. Qh3 a5 49. Bd2 a4 50. Bg5 a3 51. Qg3 a2 52. e6+ Ka8 0-1

[Event "RB-2022-0-00412"]
[Site "LSS email"]
[Date "2022.01.08"]
[Round "?"]
[White "Baltar, Antoni"]
[Black "Varas, Pablo"]
[Result "1/2-1/2"]
[WhiteElo "1912"]
[BlackElo "1887"]
[PlyCount "60"]
[EventDate "2021.10.19"]
[EventType "tourn (corr)"]
[EventRounds "6"]
[EventCountry "GER"]
[SourceTitle "Corr 2024"]
[Source "ChessBase"]
[SourceDate "2023.10.19"]
[SourceVersion "1"]
[SourceVersionDate "2023.10.19"]
[SourceQuality "1"]

1. e4 c5 2. d4 cxd4 3. c3 dxc3 4. Nxc3 Nc6 5. Nf3 d6 6. Bc4 a6 7. 0-0 Nf6 8. Bf4 e6 9. Qe2 Qc7 10. Rfd1 Be7 11. Rac1 0-0 12. h3 Nd7 13. Bb3 Qb8 14. Na4 Nce5 15. Nxe5 dxe5 16. Be3 b5 17. Nc5 Bxc5 18. Bxc5 Nxc5 19. Rxc5 Qb6 20. Qe3 Bb7 21. Bc2 h6 22. Rd7 a5 23. Rdc7 b4 24. Qg3 Rac8 25. Qxe5 f6 26. Qg3 Rxc7 27. Rxc7 Rf7 28. Rxf7 Kxf7 29. Bd3 Qd4 30. Qc7+ Kg6 1/2-1/2